| 000 | 00854nam a2200253 i 4500 | ||
|---|---|---|---|
| 001 | 18660 | ||
| 003 | ES-MaACL | ||
| 005 | 20231221153653.0 | ||
| 007 | t| | ||
| 008 | 020204s2000 sp ||||0| spa | ||
| 020 | _a84-88306-60-1 | ||
| 020 | _a84-8041-120-1 | ||
| 080 | _a32 Cánovas del Castillo, Antonio | ||
| 245 | 0 | 0 |
_aEn torno a Cánovas : _bprólogos y epílogo a sus obras completas / _cJosé María Aznar ... [et al.]. |
| 260 |
_aMadrid : _bFundación Cánovas del Castillo : _bRubiños-1860, _c[2000] |
||
| 300 |
_a508 p : _bil ; _c21 cm. |
||
| 490 | 1 | _aVeintiuno | |
| 600 | 1 | 4 |
_aCánovas del Castillo, Antonio, _d1828-1897 _934600 |
| 700 | 1 |
_aAznar, José María, _d1953- _924301 |
|
| 710 | 2 |
_aFundación Cánovas del Castillo. _94244 |
|
| 830 | 1 |
_aVeintiuno _9180481 |
|
| 852 |
_aES-MaACL _jL-25236 |
||
| 999 |
_c18660 _d18660 |
||